Conan Gray - Comfort Crowd - All lyrics - Statistics

General Stats
  • This quiz has been taken 26 times
  • The average score is 197 of 244
Answer Stats
Answer % Correct
a
100%
But
100%
I
100%
me
100%
need
100%
to
100%
Yeah,
100%
and
91%
And
91%
Comfort
91%
company
91%
crowd
91%
just
91%
Just
91%
my
91%
My
91%
needed
91%
now
91%
Or
91%
Someone
91%
someone
91%
that
91%
That
91%
we
91%
We
91%
you,
91%
you
91%
You
91%
your
91%
already
82%
around
82%
care
82%
don't
82%
hid
82%
I'm
82%
I’ma
82%
make
82%
mess
82%
on
82%
play
82%
song
82%
the
82%
This
82%
what
82%
when
82%
about
73%
Beggin'
73%
body
73%
by
73%
By
73%
come
73%
heavy
73%
hurt
73%
in
73%
I've
73%
keep
73%
knees
73%
laugh
73%
lie
73%
like
73%
said
73%
sigh
73%
they're
73%
til
73%
time
73%
all
64%
are
64%
as
64%
belly
64%
breath's
64%
can
64%
could
64%
even
64%
fine,
64%
gettin'
64%
help
64%
here
64%
hide
64%
holding's
64%
lay
64%
nobody
64%
nothing
64%
people
64%
really
64%
rot,
64%
say
64%
Say
64%
Screamin',
64%
short
64%
shoulders
64%
smile
64%
sweaty
64%
tears
64%
Telling
64%
there
64%
thinkin'
64%
through
64%
Through
64%
try
64%
unsteady
64%
up
64%
upon
64%
Wellin'
64%
always
55%
blood
55%
bound
55%
cry
55%
downs
55%
if
55%
lifetime
55%
mind
55%
over
55%
shirt
55%
Sitting
55%
soggy
55%
sounds
55%
spend
55%
talkin'
55%
we're
55%
count
45%
lots
45%
loud
45%
smiles
45%
too
45%
ups
45%
pouts
36%
No matching quizzes found
Score Distribution
Percent of People with Each Score
Percentile by Number Answered
Your Score History
You have not taken this quiz